000 00294nam a22001337a 4500
008 171018b xxu||||| |||| 00| 0 eng d
020 _a0805201785
041 _aeng
080 _a338
100 _a53
101 _aMEN
245 _aTHE LOGIC COLLECTION ACTIVE
_cOLSON.M
942 _2udc
_cBK
999 _c34639
_d34639